R6 Operator Quiz - Statistics

General Stats
  • This quiz has been taken 531 times
  • The average score is 47 of 58
Answer Stats
Gadget Operator % Correct
Cardiac Sensor Pulse/Jack
90%
S.E.L.M.A Aqua Breacher Ace/Havard
89%
Rifle Shield BlackBeard/Craig
89%
Stim Pistol Doc/Gustave
89%
Welcome Mat Frost/Tina
88%
Signal Disrupter Mute/Mark
88%
Armor Pack Rook/Julian
88%
Remote Gas Grenades Smoke/James
88%
Breaching Rounds Ash/Eliza
87%
Remah Dash Oryx/Saif
87%
Surya Gate Aruni/Apha
86%
Smart Glance Glasses Warden/Collinn
86%
Skeleton Key Buck/Sebastien
85%
Cluster Charge Fuze/Shuhrat
85%
Gu Mine Lesion/Liu
85%
Black Mirror Mira/Elena
85%
Exothermic Charge Thermite/Jordan
85%
Shock Drone Twitch/Emmanuelle
85%
G52 Shield Blitz/Elias
84%
Adrenal Surge Finka/Lera
84%
Candela Ying/Siu
84%
Shock Wire Bandit/Dominic
83%
EE-ONE-D Lion/Olivier
83%
Pest Launcher Mozzie/Max
83%
Garra Hook Amaru/Azucena
82%
Yokai Echo/Masaru
82%
Grzmot Mine Ela/Elzbieta
82%
Electronics Detector IQ/Monika
82%
Electroclaw “Rtila” Kaid/Jalal
82%
Breaching Torch Maverick/Erik
82%
EMP Grenade Thatcher/Mike
82%
Black Eye Valkyrie/Meghan
82%
Prisma Alibi/Aria
81%
Gemini Replicator Iana/Nienke
81%
Airjab Repulsive Grenade Nomad/Sanaa
81%
Mag-NET System Wamai/Ngugi
81%
Argus Launcher Zero/Sam Fisher
80%
Flip Sight Glaz/Timur
79%
Volcan Shield Goyo/Cesar
79%
Tactile Crossbow Capitao/Vicente
78%
Armor Panel Castle/Miles
78%
ADS Jager/Marius
78%
Evil Eye Maestro/Adrieno
78%
Trax Stingers Gridlock/Tori
77%
X-Kairos Hibana/Yumiko
77%
Banshee Sonic Defense Melusi/Thandiwe
77%
Silent Step/Interrogation Caveira/Taina
76%
Eyenox Model III Jackal/Ryad
75%
EDD Kapkan/Maxim
74%
Shumika Launcher Tachanka/Alexsndr
74%
KS79 Lifeline Zofia
74%
LV Explosive Lance Kali/Jaimini
73%
The Caber Sledge/Seamus
72%
ERC-7 Vigil/Chul
70%
Logic Bomb Dokkaebi/Grace
67%
HEL Nokk
66%
Charged Field Generator Clash/Morowa
64%
Le Roc Monty/Gilles
58%
No matching quizzes found
Score Distribution
Percent of People with Each Score
Percentile by Number Answered
Your Score History
You have not taken this quiz